| 000 | 00773nam a2200241 i 4500 | ||
|---|---|---|---|
| 001 | bg | ||
| 100 | 1 | _aSZYMAŃSKI, Wojciech | |
| 245 | 1 | 0 |
_aElementy nauki o promieniowaniu jądrowym dla kierunków ochrony środowiska / _cWojciech Szymański. |
| 260 |
_aToruń : _bWydaw. Uniwersytetu Mikołaja Kopernika, _c1999. |
||
| 300 |
_a307 s. : _bwykr. ; _c24 cm. |
||
| 504 | _aBibliogr. s. 307. | ||
| 650 | 9 | _aFizyka jądrowa | |
| 650 | 9 |
_aŚrodowisko człowieka _xhigiena i ochrona |
|
| 650 | 9 |
_aTechnika jądrowa _xbezpieczeństwo |
|
| 655 | _aPodręczniki akademickie | ||
| 020 | _a8323111022 | ||
| 040 | _cBPK | ||
| 041 | 0 | _apl | |
| 080 | _a621.039:539.1:614.87:504](075.8) | ||
| 920 | _a83-231-1102-2 | ||
| 942 | _cKS | ||
| 008 | s pl f |000 0 pol | ||
| 999 |
_c42404 _d42404 |
||
| 856 |
_uhttp://koha.tu.koszalin.pl/cgi-bin/koha/opac-detail.pl?biblionumber=42404 _yKatalog online BPK |
||